Capital Markets of the Slovak Republic
Saved in:
| Main Author: | |
|---|---|
| Other Authors: | |
| Format: | Book Chapter |
| Language: | English |
| Subjects: | |
| Tags: |
No Tags, Be the first to tag this record!
|
MARC
| LEADER | 00000naa$a2200000$$$4500 | ||
|---|---|---|---|
| 001 | 0193602 | ||
| 005 | 20240502083449.9 | ||
| 041 | 0 | |a eng | |
| 044 | |a HR | ||
| 245 | 1 | 0 | |a Capital Markets of the Slovak Republic |c Peter Kočkin, Lucia Bednárová |
| 610 | 2 | 0 | |a trh akciový |
| 610 | 2 | 0 | |a papiere cenné |
| 610 | 2 | 0 | |a ceny trhové |
| 610 | 2 | 0 | |a obchodovanie dôverné |
| 610 | 2 | 0 | |a trh kapitálový |
| 610 | 2 | 0 | |a trh finančný |
| 610 | 2 | 0 | |a likvidita |
| 610 | 2 | 0 | |a makléri |
| 100 | 1 | |a Kočkin, Peter | |
| 700 | 1 | |a Bednárová, Lucia | |